Ελληνικός κινηματογράφος : ιστορία - φιλμογραφία - βιογραφικά
Αποθηκεύτηκε σε:
| Κύριος συγγραφέας: | |
|---|---|
| Άλλοι συγγραφείς: | |
| Μορφή: | Βιβλίο |
| Γλώσσα: | Greek |
| Δημοσίευση: |
Αθήνα :
Ελληνικά γράμματα,
c2005.
|
| Θέματα: | |
| Ετικέτες: |
Προσθήκη ετικέτας
Δεν υπάρχουν, Καταχωρήστε ετικέτα πρώτοι!
|
MARC
| LEADER | 00000cam a2200000 i 4500 | ||
|---|---|---|---|
| 001 | 1/37432 | ||
| 008 | 061111s2005 gr | ||| |||| ||gre|| | ||
| 020 | |a 9604067761 |q (set) | ||
| 020 | |a 960406777X |q (τ. 1) | ||
| 020 | |a 9604067788 |q (τ. 2) | ||
| 035 | |l 10086086 | ||
| 040 | |a GR-MyUa |b gre |e AACR2 | ||
| 041 | 0 | |a gre | |
| 082 | 7 | |a 791.4309495 |2 (22) | |
| 100 | 1 | |a Ρούβας, Άγγελος, |d 1959- | |
| 245 | 1 | 0 | |a Ελληνικός κινηματογράφος : |b ιστορία - φιλμογραφία - βιογραφικά / |c Άγγελος Ρούβας, Χρήστος Σταθακόπουλος. |
| 260 | |a Αθήνα : |b Ελληνικά γράμματα, |c c2005. | ||
| 300 | |a 2 τ. : |b εικ. (μερικές έγχρ.) ; |c 131 εκ. | ||
| 504 | |a Περιλαμβάνουν βιβλιογραφίες και ευρετήρια. | ||
| 505 | 8 | |a Τ. 1. 1905-1970 -- Τ. 2. 1971-2005. | |
| 650 | 0 | |a Motion pictures |z Greece |x History |y 20th century. | |
| 650 | 0 | |a Motion picture actors and actresses |z Greece |x Biography. | |
| 700 | 1 | |a Σταθακόπουλος, Χρήστος, |d 1958- | |
| 852 | |a INST |b SYROS |e 20061111 |h 791.4309495 ΡΟΥ |p 005500007294 |q 005500007294 |t REF |y 23 |z τ.1 | ||
| 852 | |a INST |b SYROS |e 20070618 |h 791.4309495 ΡΟΥ |p 005500007295 |q 005500007295 |t REF |y 23 |z τ.2 | ||
| 852 | |a INST |b SYROS |e 20061111 |h 791.4309495 ΡΟΥ |p 005500007294 |q 005500007294 |t REF |v τ.1: |y 23 |z τ.1 | ||
| 852 | |a INST |b SYROS |e 20070618 |h 791.4309495 ΡΟΥ |p 005500007295 |q 005500007295 |t REF |v τ.2: |y 23 |z τ.2 | ||
| 853 | |a INST |b SYROS |h 791.4309495 ΡΟΥ | ||
| 901 | |a BIBL5-2007-2 | ||
| 922 | |a 5ΕΛΗ |b 200610 |c Βιβλιοθήκη Σύρου |d Glory Book | ||
| 950 | |a 188-2006-10-11 | ||
| 970 | |a Καγιαβά |b Ειρήνη |z 18/06/2007 | ||